Dopad hospodárskej krízy na ekonomiku SR
Spomalenie hospodárskeho rastu, zvýšenie nezamestnanosti, opatrenia na prekonanie dopadov globálnej krízy.
Salvato in:
| Autore principale: | |
|---|---|
| Natura: | Capitolo di libro |
| Lingua: | slovacco |
| Soggetti: | |
| Tags: |
Nessun Tag, puoi essere il primo ad aggiungerne!!
|
MARC
| LEADER | 00000nla$a2200000$$$4500 | ||
|---|---|---|---|
| 001 | 0110860 | ||
| 005 | 20221128081848.0 | ||
| 041 | 0 | |a slo | |
| 044 | |a SK | ||
| 245 | 1 | 0 | |a Dopad hospodárskej krízy na ekonomiku SR |c Peter Sika |
| 520 | |a Spomalenie hospodárskeho rastu, zvýšenie nezamestnanosti, opatrenia na prekonanie dopadov globálnej krízy. | ||
| 610 | 2 | 0 | |a kríza hospodárska |
| 610 | 2 | 0 | |a nezamestnanosť |
| 610 | 2 | 0 | |a vývoj hospodársky |
| 610 | 2 | 0 | |a prognózy hospodárske |
| 610 | 2 | 0 | |a Slovensko |
| 100 | 1 | |a Sika, Peter, 1975- | |